000 00557cam a22001811 4500
082 _a624.18341
_bREY
_cL-19, P-24
100 1 _aReynolds, Charles E.
_943177
245 1 0 _aReinforced concrete designer's handbook.
250 _a4th ed. [rev.]
260 _aLondon,
_bConcrete Publications
_c[1948]
300 _avii, 351 p.
_billus., tables.
_c25 cm.
490 0 _aConcrete series
500 _aErrata slip inserted.
526 _a0
_b0
_c0
_d624_183400000000000_REY
650 0 _aMCE
_9379
650 0 _aReinforced concrete construction
942 _2ddc
_cBK
999 _c546968
_d546968